| 000 | 00588nam a2200205 i 4500 | ||
|---|---|---|---|
| 001 | 45437 | ||
| 003 | ES-MaACL | ||
| 005 | 20250918063025.0 | ||
| 007 | t| | ||
| 008 | 030326s1916 fr ||||1| fre d | ||
| 100 | 1 |
_aColette, _d1873-1954 _9161423 |
|
| 245 | 1 | 0 |
_aSept dialogues de bêtes / _cColette ; preface de Francis James. |
| 250 | _a6ème ed. | ||
| 260 |
_aParis : _bMercure de France, _c1916. |
||
| 300 |
_a180 p. : _bil. ; _c19 cm. |
||
| 700 | 1 |
_aJames, Francis. _965964 |
|
| 740 | 0 | _a7 dialogues de bêtes. | |
| 852 |
_aES-MaACL _jF-2935 |
||
| 999 |
_c45437 _d45437 |
||